000 00962nas a2200325 4500
001 BR2014003771
003 BR-BrBNA
005 20231205124149.0
007 ta
008 230509b bl.|||p| |||| 00| 00por d
040 _aBR-BrBNA
_bpor
_cBiblioteca Nacional de Agricultura
041 _a(En)
072 _aL73
100 1 _aAlbuquerque, A.H.
100 1 _aCardoso, W.M.
100 1 _aTeixeira, R.S.C.
100 1 _aLopes, E.S.
100 1 _aSales, R.J.P.S.
100 1 _aHorn, R.V.
100 1 _aRocha e Silva, R.C.
100 1 _aBezerra, W.G.A.
100 1 _aGomes-Filho, V.J.R.
245 1 _aDissemination of Salmonella enteritis by experimentally-infected pigeons
650 _aPOMBO
650 _aSALMONELLA
650 _aINFECÇÃO
773 0 _tBrazilian Journal of Poultry Science (Brazil)
_xISSN 1516-635X
_g(Jul-Sep 2013), v. 15(3) p. 211-215
_wBR2014003771
909 _a202311
_bLúcia
_c55
_dLúcia Elande
942 _2AGRIS
_n0
_cANA
999 _c237624
_d237624